000 004250000a22001810004500
003 MACL
005 20151222155259.0
008 151222b xxu||||| |||| 00| 0 eng d
040 _aMACL
_cMACL
041 _aEnglish
082 _a823/LAW
100 _aLawrence, D H
_99413
245 _aThe Collected Short Stories
260 _bRupa & Co
_c1994
350 _a195
650 _aStories
_922135
942 _cBK
_k823/LAW
_2ddc
999 _c40357
_d40357